[Event "Polgar Challenge 2021"]
[Site "Online"]
[Date "2021.04.04"]
[Round "1.10"]
[White "Bjerre, Jonas Buhl"]
[Black "Gukesh D"]
[Result "1-0"]
[WhiteElo "2550"]
[BlackElo "2578"]
[Annotator "ChessBase"]
[PlyCount "35"]
[EventDate "2021.04.08"]
[EventType "tourn"]
[EventCountry "NET"]
[SourceTitle "playchess.com"]
[Source "ChessBase"]
[SourceQuality "1"]
[TimeControl "600+5"]

1. d4 {[%emt 0:00:00]} d5 {[%emt 0:00:00]} 2. c4 {[%emt 0:00:00]} e6 {[%emt 0:00:05]} 3. Nf3 {[%emt 0:00:02]} Nf6 {[%emt 0:00:02]} 4. g3 {[%emt 0:00:02]} dxc4 {[%emt 0:00:08]} 5. Bg2 {[%emt 0:00:03]} a6 {[%emt 0:00:02]} 6. Ne5 {[%emt 0:00:11]} Bb4+ {[%emt 0:00:15]} 7. Nc3 {[%emt 0:00:04]} Nd5 {[%emt 0:00:04]} 8. O-O {[%emt 0:00:31]} O-O {[%emt 0:00:10]} 9. Ne4 {[%emt 0:00:20]} b5 {[%emt 0:02:11]} 10. b3 {[%emt 0:00:07]} Bb7 {[%emt 0:02:31]} 11. bxc4 {[%emt 0:01:15]} Nc3 {[%emt 0:02:28]} 12. Qc2 {[%emt 0:01:56]} Qxd4 {[%emt 0:02:19]} 13. Ng5 {[%emt 0:01:23]} Nxe2+ {[%emt 0:00:13]} 14. Qxe2 {[%emt 0:01:27]} Bxg2 {[%emt 0:00:02]} 15. Kxg2 {[%emt 0:00:56]} Qxa1 {[%emt 0:00:20]} 16. Bb2 {[%emt 0:00:27]} Qxa2 {[%emt 0:00:05]} 17. Qc2 {[%emt 0:00:44]} f5 {[%emt 0:00:21]} 18. Ra1 {[%emt 0:00:09]} 1-0

[Event "Polgar Challenge 2021"]
[Site "Online"]
[Date "2021.04.04"]
[Round "2.1"]
[White "Zhu, Jiner"]
[Black "Gukesh D"]
[Result "0-1"]
[WhiteElo "2459"]
[BlackElo "2578"]
[Annotator "ChessBase"]
[PlyCount "98"]
[EventDate "2021.04.08"]
[EventType "tourn"]
[EventCountry "NET"]
[SourceTitle "playchess.com"]
[Source "ChessBase"]
[SourceQuality "1"]
[TimeControl "600+5"]

1. e4 {[%emt 0:00:00]} c6 {[%emt 0:00:00]} 2. d4 {[%emt 0:00:00]} d5 {[%emt 0:00:00]} 3. e5 {[%emt 0:00:00]} Bf5 {[%emt 0:00:00]} 4. Nf3 {[%emt 0:00:00]} e6 {[%emt 0:00:07]} 5. Be2 {[%emt 0:00:01]} Ne7 {[%emt 0:00:15]} 6. O-O {[%emt 0:00:07]} Nd7 {[%emt 0:00:02]} 7. c3 {[%emt 0:00:16]} Ng6 {[%emt 0:00:30]} 8. Ne1 {[%emt 0:01:32]} h5 {[%emt 0:00:03]} 9. Be3 {[%emt 0:00:14]} f6 {[%emt 0:01:16]} 10. Bxh5 {[%emt 0:01:44]} fxe5 {[%emt 0:00:04]} 11. Bxg6+ {[%emt 0:00:43]} Bxg6 {[%emt 0:00:03]} 12. dxe5 {[%emt 0:00:03]} Nxe5 {[%emt 0:00:41]} 13. Bd4 {[%emt 0:00:40]} Nd7 {[%emt 0:02:14]} 14. Qe2 {[%emt 0:00:56]} Qe7 {[%emt 0:00:29]} 15. Nd3 {[%emt 0:00:44]} Bxd3 {[%emt 0:02:37]} 16. Qxd3 {[%emt 0:00:03]} e5 {[%emt 0:00:33]} 17. Qg6+ {[%emt 0:00:50]} Qf7 {[%emt 0:00:06]} 18. Qxf7+ {[%emt 0:00:01]} Kxf7 {[%emt 0:00:01]} 19. Be3 {[%emt 0:00:01]} Bd6 {[%emt 0:00:08]} 20. Nd2 {[%emt 0:00:41]} Kg6 {[%emt 0:00:38]} 21. h3 {[%emt 0:00:06]} Rae8 {[%emt 0:00:09]} 22. Rad1 {[%emt 0:00:04]} Bc5 {[%emt 0:00:31]} 23. Ne4 {[%emt 0:00:43]} Bxe3 {[%emt 0:00:06]} 24. fxe3 {[%emt 0:00:02]} Re7 {[%emt 0:00:16]} 25. Ng3 {[%emt 0:00:13]} Nc5 {[%emt 0:00:14]} 26. e4 {[%emt 0:00:42]} Rd8 {[%emt 0:00:22]} 27. exd5 {[%emt 0:00:54]} cxd5 {[%emt 0:00:03]} 28. Rfe1 {[%emt 0:00:03]} Rdd7 {[%emt 0:00:03]} 29. Re2 {[%emt 0:00:04]} e4 {[%emt 0:00:13]} 30. Rf1 {[%emt 0:00:36]} Re5 {[%emt 0:00:29]} 31. Re3 {[%emt 0:00:08]} Rf7 {[%emt 0:00:08]} 32. Ne2 {[%emt 0:00:04]} Rxf1+ {[%emt 0:00:01]} 33. Kxf1 {[%emt 0:00:00]} Nd3 {[%emt 0:00:02]} 34. b3 {[%emt 0:00:06]} Kf6 {[%emt 0:00:05]} 35. Nd4 {[%emt 0:00:02]} Re7 {[%emt 0:00:06]} 36. g3 {[%emt 0:00:04]} Ke5 {[%emt 0:00:04]} 37. Ke2 {[%emt 0:00:17]} Rf7 {[%emt 0:00:03]} 38. Kd2 {[%emt 0:00:09]} Rf1 {[%emt 0:00:08]} 39. a4 {[%emt 0:00:07]} Rh1 {[%emt 0:00:04]} 40. h4 {[%emt 0:00:01]} Rh2+ {[%emt 0:00:08]} 41. Re2 {[%emt 0:00:02]} Rh1 {[%emt 0:00:03]} 42. Re3 {[%emt 0:00:01]} a6 {[%emt 0:00:02]} 43. Re2 {[%emt 0:00:04]} g6 {[%emt 0:00:07]} 44. Re3 {[%emt 0:00:02]} Kd6 {[%emt 0:00:02]} 45. Re2 {[%emt 0:00:04]} Rg1 {[%emt 0:00:02]} 46. Re3 {[%emt 0:00:05]} Rg2+ {[%emt 0:00:01]} 47. Ne2 {[%emt 0:00:01]} Ne5 {[%emt 0:00:11]} 48. c4 {[%emt 0:00:23]} Ng4 {[%emt 0:00:08]} 49. c5+ {[%emt 0:00:18]} Ke5 {[%emt 0:00:08]} 0-1

[Event "Polgar Challenge 2021"]
[Site "Online"]
[Date "2021.04.04"]
[Round "2.2"]
[White "Keymer, Vincent"]
[Black "Bjerre, Jonas Buhl"]
[Result "1-0"]
[WhiteElo "2591"]
[BlackElo "2550"]
[Annotator "ChessBase"]
[PlyCount "87"]
[EventDate "2021.04.08"]
[EventType "tourn"]
[EventCountry "NET"]
[SourceTitle "playchess.com"]
[Source "ChessBase"]
[SourceQuality "1"]
[TimeControl "600+5"]

1. d4 {[%emt 0:00:00]} Nf6 {[%emt 0:00:00]} 2. c4 {[%emt 0:00:00]} e6 {[%emt 0:00:00]} 3. Nf3 {[%emt 0:00:00]} d5 {[%emt 0:00:00]} 4. Nc3 {[%emt 0:00:00]} Bb4 {[%emt 0:00:01]} 5. Qa4+ {[%emt 0:00:04]} Nc6 {[%emt 0:00:03]} 6. e3 {[%emt 0:00:00]} O-O {[%emt 0:00:09]} 7. Bd2 {[%emt 0:00:03]} dxc4 {[%emt 0:00:25]} 8. Bxc4 {[%emt 0:00:00]} Bd6 {[%emt 0:00:02]} 9. Qc2 {[%emt 0:00:03]} e5 {[%emt 0:00:22]} 10. dxe5 {[%emt 0:00:14]} Nxe5 {[%emt 0:00:03]} 11. Nxe5 {[%emt 0:00:00]} Bxe5 {[%emt 0:00:01]} 12. O-O {[%emt 0:00:01]} c6 {[%emt 0:01:09]} 13. h3 {[%emt 0:00:39]} Nd5 {[%emt 0:01:51]} 14. Ne2 {[%emt 0:02:37]} Qf6 {[%emt 0:01:47]} 15. Bxd5 {[%emt 0:00:13]} cxd5 {[%emt 0:00:18]} 16. Bc3 {[%emt 0:00:01]} Bf5 {[%emt 0:00:33]} 17. Bxe5 {[%emt 0:00:05]} Qxe5 {[%emt 0:00:06]} 18. Qc3 {[%emt 0:00:01]} Qd6 {[%emt 0:00:29]} 19. Rac1 {[%emt 0:00:47]} Rac8 {[%emt 0:00:10]} 20. Qd4 {[%emt 0:00:12]} Qa6 {[%emt 0:00:16]} 21. Nc3 {[%emt 0:00:51]} Be6 {[%emt 0:00:32]} 22. Rfd1 {[%emt 0:00:37]} Rc4 {[%emt 0:00:10]} 23. Qd3 {[%emt 0:00:02]} Rfc8 {[%emt 0:00:28]} 24. b3 {[%emt 0:00:28]} R4c7 {[%emt 0:01:01]} 25. Qxa6 {[%emt 0:00:30]} bxa6 {[%emt 0:00:01]} 26. Ne2 {[%emt 0:00:10]} Rc2 {[%emt 0:00:02]} 27. Kf1 {[%emt 0:01:20]} a5 {[%emt 0:00:37]} 28. a3 {[%emt 0:00:26]} g6 {[%emt 0:00:15]} 29. Rxc2 {[%emt 0:00:14]} Rxc2 {[%emt 0:00:02]} 30. Nd4 {[%emt 0:00:00]} Rc3 {[%emt 0:00:22]} 31. Ke1 {[%emt 0:00:17]} a4 {[%emt 0:00:26]} 32. Kd2 {[%emt 0:00:04]} Rc7 {[%emt 0:00:14]} 33. b4 {[%emt 0:00:02]} Kf8 {[%emt 0:00:33]} 34. Rc1 {[%emt 0:00:02]} Rxc1 {[%emt 0:00:03]} 35. Kxc1 {[%emt 0:00:00]} Bd7 {[%emt 0:00:02]} 36. Kd2 {[%emt 0:00:12]} Ke7 {[%emt 0:00:03]} 37. Kc3 {[%emt 0:00:07]} Kd6 {[%emt 0:00:01]} 38. Nf3 {[%emt 0:00:15]} f6 {[%emt 0:00:05]} 39. Kd4 {[%emt 0:00:02]} Bb5 {[%emt 0:00:04]} 40. h4 {[%emt 0:00:07]} Bf1 {[%emt 0:00:10]} 41. g3 {[%emt 0:00:02]} Be2 {[%emt 0:00:01]} 42. Nd2 {[%emt 0:00:12]} a6 {[%emt 0:00:16]} 43. e4 {[%emt 0:01:04]} dxe4 {[%emt 0:00:22]} 44. Nxe4+ {[%emt 0:00:01]} 1-0

[Event "Polgar Challenge 2021"]
[Site "Online"]
[Date "2021.04.04"]
[Round "2.3"]
[White "Mendonca, Leon Luke"]
[Black "Shuvalova, Polina"]
[Result "1/2-1/2"]
[WhiteElo "2549"]
[BlackElo "2476"]
[Annotator "TA"]
[PlyCount "202"]
[EventDate "2021.04.08"]
[EventType "tourn"]
[EventCountry "NET"]
[SourceTitle "playchess.com"]
[Source "ChessBase"]
[SourceQuality "1"]

{[%evp 26,202,18,0,0,0,30,0,0,-45,-36,-76,-30,-100,-66,-89,-45,-116,-45,-56,-14,-49,0,0,244,141,138,140,127,129,170,14,3,-11,-38,-94,-91,-104,-50,-51,-20,-15,1006,0,38,34,24,23,32,-11,-12,-127,-98,-99,-103,-102,-100,-110,-102,-97,-77,-152,-104,-104,-108,-103,0,-20,-12,-80,0,0,0,-4,58,0,0,0,0,-17,0,0,2,2,48,48,48,48,48,26,26,4,4,4,97,97,306,277,156,2,2,2,2,0,0,0,2,2,2,2,2,2,2,2,2,2,2,0,2,0,0,0,0,2,2,2,2,2,2,2,2,2,2,2,2,2,2,2,2,2,2,2,2,2,109,2,2,2,9,9,9,9,9,9,9,9,9,9,9,2,9,0,9,9,9,9,9,9,9,9,9,0,9,0,0,0,0,0,0]} 1. d4 {Tsesarsky,I} Nf6 2. c4 e6 3. Nc3 d5 4. Nf3 c5 5. cxd5 Nxd5 6. e4 Nxc3 7. bxc3 cxd4 8. cxd4 Bb4+ 9. Bd2 Bxd2+ 10. Qxd2 O-O 11. Bc4 Nd7 12. O-O b6 13. Rfe1 Bb7 14. Rad1 Rc8 {D41: Queen's Gambit Declined: Semi-Tarrasch with 5 cxd5.} 15. Bd3 Re8 16. h4 h6 {[#]} 17. d5 $146 ({Predecessor:} 17. Bb5 Re7 18. Bxd7 Rxd7 19. Ne5 Rdc7 20. Qf4 Qd6 21. Qg4 Rc2 22. Qh5 R8c7 23. Ng4 Rxa2 {1-0 (50) Mamedyarov,S (2607)-Marcelin,C (2503) Istanbul 2003 CBM 096 [Tsesarsky,I]}) 17... exd5 18. e5 Nc5 19. Bf5 (19. Nd4 $11 {keeps the balance.}) 19... Rc7 20. h5 Rce7 21. Bb1 (21. Qf4 $15) 21... Qc8 (21... d4 $17 22. Nxd4 Rxe5 23. Rxe5 Rxe5) 22. Qf4 $15 Ne4 23. Rc1 Qd7 (23... Qd8 {feels hotter.} 24. Bd3 Nc5 25. Bb5 Rf8 26. Nd4 a6) 24. Nd4 Rc8 $2 (24... Rxe5 $11 25. f3 Qa4 $1) 25. f3 (25. Bxe4 $18 dxe4 26. Nf5 Rxc1 27. Rxc1 (27. Nxe7+ Qxe7 28. Rxc1 Qd7 $16)) 25... Rxc1 26. Rxc1 Ng5 27. Nf5 $1 {[%mdl 1024] White has strong compensation.} Re8 28. Qd4 $2 (28. Qg4 $1 $18 Kf8 29. f4) 28... Rc8 $1 $132 {[%cal Rc8c1][%mdl 2048] Black is not keeping still} 29. Re1 Rc4 30. Qd3 (30. Qd2 $15) 30... Qc7 $17 31. Kh2 Rc3 (31... Qc5 $1 $17 32. Qd2 Rc3) 32. Qb5 $15 {Qe8+ would kill now.} Bc6 33. Qb4 Rc4 $2 {[%mdl 8192]} (33... Rc5 $11) 34. Qd6 $2 (34. Ne7+ $1 $18 Kf8 35. Ng6+ {[%mdl 64] Discovered Attack (Double check)} Ke8 36. Qf8+ {[%mdl 64] Double Attack} Kd7 37. Bf5+ Ne6 38. Qxf7+ Kc8 39. Ne7+ Kb7 40. Qxe6) 34... Qxd6 35. exd6 Ne6 $1 36. Ne7+ $1 Kf8 37. Bf5 (37. Ng6+ $5 Ke8 38. f4 fxg6 39. Rxe6+ Kd7 40. Rxg6 Rxf4 41. Rxg7+ Kxd6 42. Rg6+ {[%mdl 64] Double Attack} Kc5 43. Rxh6 $14) 37... Bd7 38. Nxd5 (38. Ng6+ $1 $11 {remains equal.} Ke8 39. Ne5) 38... Rh4+ 39. Kg3 Rxh5 40. Bxe6 fxe6 $17 {[%mdl 4096] Endgame KRB-KRN} ({But not} 40... Bxe6 $6 41. Nf4 $11) 41. Nf4 Rg5+ 42. Kh2 Kf7 43. Nd3 ({Better is} 43. Rc1) 43... Kf6 44. Rc1 Rd5 45. Nf2 Ba4 (45... e5 $17 46. Rc7 Ke6 47. Rxa7 Kxd6 48. Ne4+ Kc6) 46. Rc7 a5 47. Ne4+ {[#]} (47. Rb7 $1 $11) 47... Kg6 ({Black should play} 47... Ke5 $1 $17) 48. Re7 e5 (48... Rd3 {is more complex.} 49. Rxe6+ Kf5 50. Re7 Bc6 51. Rxg7 Bxe4 52. fxe4+ Kxe4 53. Rg6 h5) 49. Rb7 b5 (49... Bc2 $11 50. Rxb6 Bxe4 51. fxe4 Rd4) 50. Rb6 (50. d7 $14 b4 {[#]} 51. Nc5 $1 Bxd7 52. Nxd7) 50... Kf7 51. Nc3 Rd4 52. Nxb5 (52. Ra6 {keeps more tension.} Ke6 53. Rxa5 Rxd6 54. Nxa4 bxa4 55. Rxa4 Kf6 56. Kg3) 52... Bxb5 (52... Rb4 {is more complex.} 53. Rb7+ Kf6 54. d7 Ke7 55. d8=R+ Kxd8 56. Nd6 Rd4) 53. Rxb5 {[%mdl 64] Double Attack} Rxd6 (53... Kf6 {seems wilder.} 54. Rxa5 Rxd6 55. a4 Rd4 56. Kg3 e4) 54. Rxe5 $11 {KR-KR} Ra6 (54... a4 $5 {[%cal Rd6d2]}) 55. a4 Kf6 56. Rb5 g5 57. Kg3 h5 58. Kf2 h4 59. Kg1 Kg6 (59... Rd6 $11) 60. Kh2 $16 Kh5 $2 (60... Ra7 $16) 61. Kh3 $18 Rc6 (61... Kh6 $18 62. Kg4 Rd6) 62. f4 $2 (62. Rxa5 $16 {Strongly threatening Ra8.} Rc3 63. Kh2) 62... Rc3+ $11 63. Kh2 Kg4 $1 64. Rxg5+ Kxf4 65. Rxa5 Ra3 66. Ra8 Kg5 67. a5 Kg6 68. a6 Kg7 69. Kg1 Ra2 70. Kf1 (70. a7 {looks sharper.} Ra4 71. Kh2 Kh7 72. Rb8 Rxa7 73. Rb4) 70... Kh7 71. a7 Kg7 72. Ke1 Kh7 73. Kd1 Kg7 74. Kc1 Kh7 75. Kb1 Ra6 76. Kb2 {Hoping for Kc3.} Kg7 77. Kc3 Ra4 78. Kb3 Ra1 79. Kc4 {And now Kb4 would win.} Kh7 80. Kd5 Ra5+ 81. Ke6 {aiming for Kd6.} Ra1 82. Kf5 {Black must now prevent Kf6.} Ra5+ 83. Kg4 Ra4+ $1 84. Kh5 {Threatens to win with Kg5.} Kg7 85. Rc8 (85. Kg5 $16) 85... Rxa7 {The position is equal.} 86. Kxh4 Ra5 87. Rc6 Rb5 88. Re6 Ra5 89. Kg4 Ra2 90. g3 Ra5 91. Kf4 Ra4+ 92. Kf5 (92. Kg5 {with more complications.} Ra5+ 93. Kh4 Ra4+ 94. g4 Ra1 95. Kh5) 92... Ra5+ 93. Re5 (93. Kg4 {keeps more tension.} Ra1 94. Rd6 Ra4+ 95. Kg5 Ra5+ 96. Kh4) 93... Ra7 94. Kg5 Rb7 95. g4 Ra7 96. Kh5 $1 Rb7 (96... Ra6 {feels hotter.} 97. Re7+ Kg8 98. Rc7 Re6 99. g5 Rb6) 97. g5 Ra7 98. Rf5 Rb7 99. g6 Ra7 100. Rf7+ Rxf7 101. gxf7 Kxf7 {Weighted Error Value: White=0.32/Black=0.35} 1/2-1/2

[Event "Polgar Challenge 2021"]
[Site "Online"]
[Date "2021.04.04"]
[Round "2.4"]
[White "Abdumalik, Zhansaya"]
[Black "Yoo, Christopher Woojin"]
[Result "1/2-1/2"]
[WhiteElo "2472"]
[BlackElo "2455"]
[Annotator "ChessBase"]
[PlyCount "84"]
[EventDate "2021.04.08"]
[EventType "tourn"]
[EventCountry "NET"]
[SourceTitle "playchess.com"]
[Source "ChessBase"]
[SourceQuality "1"]
[TimeControl "600+5"]

1. e4 {[%emt 0:00:00]} c5 {[%emt 0:00:00]} 2. Nf3 {[%emt 0:00:00]} e6 {[%emt 0:00:00]} 3. d4 {[%emt 0:00:00]} cxd4 {[%emt 0:00:00]} 4. Nxd4 {[%emt 0:00:00]} Nf6 {[%emt 0:00:00]} 5. Nc3 {[%emt 0:00:01]} Bb4 {[%emt 0:00:02]} 6. Bd3 {[%emt 0:00:40]} d6 {[%emt 0:00:04]} 7. O-O {[%emt 0:00:06]} O-O {[%emt 0:00:21]} 8. Nce2 {[%emt 0:00:39]} e5 {[%emt 0:01:00]} 9. Nb3 {[%emt 0:00:14]} d5 {[%emt 0:00:32]} 10. exd5 {[%emt 0:00:22]} Nxd5 {[%emt 0:02:11]} 11. Ng3 {[%emt 0:01:04]} Nc6 {[%emt 0:00:36]} 12. c3 {[%emt 0:00:13]} Be7 {[%emt 0:00:08]} 13. Nf5 {[%emt 0:00:40]} Bg5 {[%emt 0:02:19]} 14. Qh5 {[%emt 0:00:33]} h6 {[%emt 0:00:23]} 15. Bxg5 {[%emt 0:01:00]} Qxg5 {[%emt 0:00:03]} 16. Qxg5 {[%emt 0:00:01]} hxg5 {[%emt 0:00:00]} 17. Nd6 {[%emt 0:00:02]} Rd8 {[%emt 0:00:41]} 18. Nxc8 {[%emt 0:00:11]} Raxc8 {[%emt 0:00:00]} 19. Rfd1 {[%emt 0:00:15]} Nce7 {[%emt 0:00:08]} 20. Be4 {[%emt 0:00:38]} f5 {[%emt 0:00:08]} 21. Bxd5+ {[%emt 0:00:06]} Nxd5 {[%emt 0:00:14]} 22. Re1 {[%emt 0:00:03]} e4 {[%emt 0:00:44]} 23. Nd4 {[%emt 0:00:16]} g6 {[%emt 0:00:03]} 24. Ne6 {[%emt 0:00:13]} Rd6 {[%emt 0:00:03]} 25. Nxg5 {[%emt 0:00:03]} Nf4 {[%emt 0:00:02]} 26. g3 {[%emt 0:00:35]} Nd3 {[%emt 0:00:02]} 27. Re2 {[%emt 0:00:01]} Rb6 {[%emt 0:00:11]} 28. f3 {[%emt 0:00:44]} exf3 {[%emt 0:00:14]} 29. Nxf3 {[%emt 0:00:02]} Nxb2 {[%emt 0:00:37]} 30. Rb1 {[%emt 0:00:08]} Na4 {[%emt 0:00:43]} 31. Rxb6 {[%emt 0:00:05]} axb6 {[%emt 0:00:04]} 32. Nh4 {[%emt 0:00:05]} Kf7 {[%emt 0:00:09]} 33. Rd2 {[%emt 0:00:09]} Nc5 {[%emt 0:00:03]} 34. Nf3 {[%emt 0:00:21]} Ke7 {[%emt 0:00:10]} 35. Re2+ {[%emt 0:00:24]} Kf6 {[%emt 0:00:06]} 36. Rb2 {[%emt 0:00:32]} Rc6 {[%emt 0:00:14]} 37. c4 {[%emt 0:00:05]} Ne4 {[%emt 0:00:17]} 38. Kg2 {[%emt 0:00:03]} Nd6 {[%emt 0:00:05]} 39. Nd2 {[%emt 0:00:10]} Ke5 {[%emt 0:00:05]} 40. Nf3+ {[%emt 0:00:22]} Kf6 {[%emt 0:00:10]} 41. Nd2 {[%emt 0:00:02]} Ke5 {[%emt 0:00:06]} 42. Nf3+ {[%emt 0:00:02]} Kf6 {[%emt 0:00:12]} 1/2-1/2

[Event "Polgar Challenge 2021"]
[Site "Online"]
[Date "2021.04.04"]
[Round "2.5"]
[White "Khademalsharieh, Sarasadat"]
[Black "Liang, Awonder"]
[Result "0-1"]
[WhiteElo "2494"]
[BlackElo "2592"]
[Annotator "ChessBase"]
[PlyCount "76"]
[EventDate "2021.04.08"]
[EventType "tourn"]
[EventCountry "NET"]
[SourceTitle "playchess.com"]
[Source "ChessBase"]
[SourceQuality "1"]
[TimeControl "600+5"]

1. d4 {[%emt 0:00:00]} Nf6 {[%emt 0:00:00]} 2. c4 {[%emt 0:00:00]} g6 {[%emt 0:00:00]} 3. g3 {[%emt 0:00:02]} Bg7 {[%emt 0:00:00]} 4. Bg2 {[%emt 0:00:01]} O-O {[%emt 0:00:00]} 5. Nc3 {[%emt 0:00:02]} d6 {[%emt 0:00:00]} 6. Nf3 {[%emt 0:00:02]} c5 {[%emt 0:00:00]} 7. dxc5 {[%emt 0:00:06]} dxc5 {[%emt 0:00:01]} 8. O-O {[%emt 0:00:01]} Nc6 {[%emt 0:00:01]} 9. Bf4 {[%emt 0:00:04]} Be6 {[%emt 0:00:10]} 10. Ne5 {[%emt 0:00:17]} Qc8 {[%emt 0:00:35]} 11. Nxc6 {[%emt 0:00:12]} bxc6 {[%emt 0:00:00]} 12. b3 {[%emt 0:00:13]} Bh3 {[%emt 0:00:02]} 13. Rc1 {[%emt 0:00:13]} Rd8 {[%emt 0:00:29]} 14. Qc2 {[%emt 0:00:14]} Nh5 {[%emt 0:01:10]} 15. Be3 {[%emt 0:00:05]} Bd4 {[%emt 0:00:05]} 16. Na4 {[%emt 0:01:12]} Bxe3 {[%emt 0:00:46]} 17. fxe3 {[%emt 0:00:03]} Bxg2 {[%emt 0:00:01]} 18. Kxg2 {[%emt 0:00:01]} Qe6 {[%emt 0:00:08]} 19. Qc3 {[%emt 0:00:50]} Qg4 {[%emt 0:00:08]} 20. Rf3 {[%emt 0:00:28]} Ng7 {[%emt 0:00:03]} 21. Nxc5 {[%emt 0:00:32]} Nf5 {[%emt 0:00:03]} 22. Kh1 {[%emt 0:00:16]} Rd6 {[%emt 0:00:01]} 23. Rcf1 {[%emt 0:00:10]} Qh3 {[%emt 0:01:22]} 24. Kg1 {[%emt 0:02:11]} Nh6 {[%emt 0:00:21]} 25. R3f2 {[%emt 0:01:01]} Ng4 {[%emt 0:00:04]} 26. Rg2 {[%emt 0:00:11]} Qh6 {[%emt 0:00:10]} 27. Nd3 {[%emt 0:01:00]} Rad8 {[%emt 0:01:29]} 28. Rf4 {[%emt 0:00:38]} Nxe3 {[%emt 0:00:18]} 29. Rgf2 {[%emt 0:00:02]} Nd1 {[%emt 0:00:01]} 30. Qa5 {[%emt 0:00:12]} Nxf2 {[%emt 0:00:03]} 31. Nxf2 {[%emt 0:00:01]} Qh5 {[%emt 0:00:35]} 32. Qxa7 {[%emt 0:00:05]} Qxe2 {[%emt 0:00:03]} 33. Re4 {[%emt 0:00:15]} Rd1+ {[%emt 0:00:16]} 34. Kg2 {[%emt 0:00:02]} Qf1+ {[%emt 0:00:00]} 35. Kf3 {[%emt 0:00:01]} R1d7 {[%emt 0:00:07]} 36. Qc5 {[%emt 0:00:06]} e6 {[%emt 0:00:36]} 37. Qxc6 {[%emt 0:00:22]} Rd3+ {[%emt 0:00:05]} 38. Re3 {[%emt 0:00:07]} Rd2 {[%emt 0:00:00]} 0-1

[Event "Polgar Challenge 2021"]
[Site "Online"]
[Date "2021.04.04"]
[Round "2.6"]
[White "Abdusattorov, Nodirbek"]
[Black "Saduakassova, Dinara"]
[Result "1-0"]
[WhiteElo "2627"]
[BlackElo "2500"]
[Annotator "TA"]
[PlyCount "101"]
[EventDate "2021.04.08"]
[EventType "tourn"]
[EventCountry "NET"]
[SourceTitle "playchess.com"]
[Source "ChessBase"]
[SourceQuality "1"]

{[%evp 16,101,-22,-29,24,0,114,90,165,151,164,171,198,168,276,0,0,-108,-101,-164,-218,-205,-208,-193,-201,-204,-8,-222,-222,-221,-228,-223,-195,-562,-164,-182,-28,-20,-10,-9,-1,-3,-2,-2,66,0,66,66,64,64,49,60,78,10,71,71,71,71,71,30,30,34,37,37,91,91,91,91,91,91,91,0,0,0,0,0,1238,0,0,0,0,8,3500,2015,4672,128,4602,1055]} 1. e4 e5 2. Nf3 Nc6 3. Bc4 Bc5 4. b4 Bxb4 5. c3 Ba5 6. d4 exd4 7. O-O d6 8. cxd4 Bb6 9. h3 Nge7 {C51: Evans Gambit: Declined and Accepted without 5...Ba5.} (9... h6 $142) 10. Ng5 $11 d5 (10... Rf8 $11 11. Qb3 Bxd4 12. Bxf7+ Rxf7 13. Qxf7+ Kd7 14. Qe6+ Ke8) 11. exd5 $16 Na5 {[#]} (11... Nxd4 $16 12. d6 cxd6) 12. d6 $146 ({Predecessor:} 12. Bb5+ Bd7 13. Qf3 Bxb5 14. Qxf7+ Kd7 15. Qe6+ Ke8 16. Re1 Qd6 17. Qf7+ Kd8 18. Ba3 c5 19. dxc6 Qxd4 20. Ne6+ {1-0 (20) Sa,P-Machado,M Porto 1996}) 12... Nxc4 13. Qa4+ Nc6 {[#]} 14. Re1+ $1 Be6 (14... N4e5 {was worth a try.} 15. Rxe5+ (15. dxe5 O-O $11) 15... Kf8) 15. Qxc4 $2 ({White has to play} 15. Nxe6 $18 fxe6 16. Rxe6+ Kd7 17. Qxc4 (17. dxc7 Qh4 $17)) 15... O-O $36 {[%mdl 2048] Black is more active.} 16. Rxe6 (16. Qd3 $11 g6 17. Nxe6 fxe6 18. Rxe6) 16... fxe6 $17 17. Qxe6+ (17. Nxe6 $17 Na5 18. Qd3 Qxd6 19. Nxf8 Rxf8 20. Be3) 17... Kh8 $19 18. Qe4 {[%csl Gg5][%cal Re4h7]} g6 19. Qh4 {[%csl Gg5][%cal Rh4h7]} h5 20. Bb2 Qf6 $2 (20... Qxd6 $19 {[%cal Rb6d4]} 21. Nc3 Rf4) 21. Nd2 $2 (21. Nc3 $1 $11 {and White has nothing to worry.} Nxd4 22. Re1 cxd6 23. Nd5 Nf3+ {[%mdl 64] Discovered Attack} 24. Nxf3 Qxb2 25. Qg3) 21... Bxd4 ({And not} 21... cxd6 22. Nde4 $15) 22. Nde4 Qe5 ({Avoid the trap} 22... Bxb2 $2 23. Nxf6 Bxf6 24. Rb1 $18) 23. Bxd4 Nxd4 24. Rb1 $2 (24. Rd1 {was the crucial defense.}) 24... Nf5 $2 (24... cxd6 25. f3 d5) 25. Nf3 Nxh4 $2 (25... Qd5 $19 26. Qf4 Rae8) 26. Nxe5 $11 cxd6 27. Nxd6 Rf6 {Black wants to play ...Raf8.} 28. Ndf7+ Kg8 29. Rxb7 Rf8 (29... g5 $11) 30. Nh6+ $14 Kh8 31. Nd7 {[%mdl 64] Double Attack} Rxf2 32. Nxf8 Rxf8 33. Rxa7 {[%mdl 4096] Endgame KRN-KRN} Rb8 34. Ra4 ({White should play} 34. Kh2 $16) 34... Kg7 35. Rxh4 $16 Kxh6 {KR-KR} 36. Rf4 Rb2 37. Rf2 Rb1+ 38. Rf1 Rb4 39. a3 {[%cal Ba2a3,Ba3a4][%mdl 32]} Rb2 (39... Rc4 $14) 40. Ra1 {Hoping for a4.} Rb5 41. a4 Ra5 42. Kf2 Kg5 43. Ke3 (43. Kg3 $16) 43... Kh4 $1 $11 44. Kf3 Rf5+ 45. Ke4 Kg3 $2 {[%mdl 8192]} (45... Rf2 $11) 46. Ra2 $2 (46. Ra3+ $18 Kxg2 47. a5) 46... Ra5 47. Kd4 g5 $1 48. Kc4 {aiming for Kb4.} h4 $2 {[%mdl 8192]} (48... g4 $11) 49. Kb4 $18 Ra8 50. a5 {Threatens to win with a6.} Rb8+ $2 {[%mdl 8192]} (50... g4 $16) 51. Kc5 {Weighted Error Value: White=0.57/Black=0.52} 1-0